00466nam a22001457a 4500020000800000040001600008082001600024100003000040245003500070260005600105300003000161942001200191999001900203952009800222 qPB. cFIZZA ISHAQ a812.52bMIL a Miller , Arthur.9110470 aThe Crucible /cArthur Miller. a New York :bDramatists Play Service (DPS) ,c1981. a95 P. ;c7.8 x 5.3 inches 2ddccBK c616858d616858 00102ddc4070aNQCbNQCcGENd2026-04-07l0o812.52 MILpQD-689r2026-04-07w2026-04-07yBK